South Eastern Kenya University

Library Online Public Access Catalogue


Aquinas' Summa theologiae : (Record no. 16536)

MARC details
000 -LEADER
fixed length control field 00935cam a2200301 a 4500
001 - CONTROL NUMBER
control field 16494097
003 - CONTROL NUMBER IDENTIFIER
control field OSt
005 - DATE AND TIME OF LATEST TRANSACTION
control field 20180417095812.0
008 - FIXED-LENGTH DATA ELEMENTS--GENERAL INFORMATION
fixed length control field 101007s2010 enk b 001 0 eng
010 ## - LIBRARY OF CONGRESS CONTROL NUMBER
LC control number 2010283328
015 ## - NATIONAL BIBLIOGRAPHY NUMBER
National bibliography number GBB039467
Source bnb
015 ## - NATIONAL BIBLIOGRAPHY NUMBER
National bibliography number GBB039467
Source dnb
016 7# - NATIONAL BIBLIOGRAPHIC AGENCY CONTROL NUMBER
Record control number 015510944
Source Uk
020 ## - INTERNATIONAL STANDARD BOOK NUMBER
International Standard Book Number 9780567511416 (hbk.)
020 ## - INTERNATIONAL STANDARD BOOK NUMBER
International Standard Book Number 9780567550941 (pbk.)
035 ## - SYSTEM CONTROL NUMBER
System control number (OCoLC)ocn466343924
040 ## - CATALOGING SOURCE
Original cataloging agency SEKU
042 ## - AUTHENTICATION CODE
Authentication code lccopycat
050 00 - LIBRARY OF CONGRESS CALL NUMBER
Classification number BX 1749.T6
Item number L6
100 1# - MAIN ENTRY--PERSONAL NAME
Personal name Loughlin, Stephen J.
Fuller form of name (Stephen Joseph),
Dates associated with a name 1960-
245 10 - TITLE STATEMENT
Title Aquinas' Summa theologiae :
Remainder of title a reader's guide /
Statement of responsibility, etc. Stephen J. Loughlin.
260 ## - PUBLICATION, DISTRIBUTION, ETC. (IMPRINT)
Place of publication, distribution, etc. London ;
-- New York :
Name of publisher, distributor, etc. T & T Clark,
Date of publication, distribution, etc. c2010.
300 ## - PHYSICAL DESCRIPTION
Extent 323 p. ;
490 0# - SERIES STATEMENT
Series statement T & T Clark reader's guides
504 ## - BIBLIOGRAPHY, ETC. NOTE
Bibliography, etc Includes bibliographical references (p. 317-319) and index.
600 00 - SUBJECT ADDED ENTRY--PERSONAL NAME
Personal name Thomas,
Titles and other words associated with a name Aquinas, Saint,
Dates associated with a name 1225?-1274.
Title of a work Summa theologica.
942 ## - ADDED ENTRY ELEMENTS (KOHA)
Source of classification or shelving scheme Library of Congress Classification
Koha item type General circulation
Holdings
Withdrawn status Lost status Source of classification or shelving scheme Damaged status Not for loan Home library Current library Date acquired Total Checkouts Full call number Barcode Date last seen Price effective from Koha item type
    Library of Congress Classification     Main Campus Library Main Campus Library 17/04/2018   BX 1749.T6 L6 2018/020560 17/04/2018 17/04/2018 General circulation
Kitui, Kenya.
+254736116989
library@seku.ac.ke